000
00239nam a2200109Ia 4500
008
240625s9999 xx 000 0 und d
041
_a
eng
100
_a
CSE
245
_a
WHAT A DIFFERENCE A LOAN MAKES
260
_c
2007
365
_c
RS
_b
20
999
_c
33778
_d
33778